Pere Bosch Gimpera i el Museu Arqueològic de Barcelona : 50 aniversari ; El Museu secret del Museu Arqueològic de Barcelona 50 aniversari ; El Museu secret del Museu Arqueològic de Barcelona
Descripción Física:
119 p. : il., negre i col. ; 29'5 cm
MARC
| LEADER | 00000nam a2200000Ia 4500 | ||
|---|---|---|---|
| 001 | 1884 | ||
| 008 | 160829s1986 xx 000 0 cat d | ||
| 080 | |a H-1-20 | ||
| 100 | 1 | |a Bosch Gimpera, P. |q (Pere), |d 1891-1974 |9 35533 | |
| 245 | |a Pere Bosch Gimpera i el Museu Arqueològic de Barcelona : |b 50 aniversari ; El Museu secret del Museu Arqueològic de Barcelona | ||
| 260 | |a Barcelona : |b Diputació de Barcelona. Servei de Cultura, |c 1986 | ||
| 300 | |a 119 p. : |b il., negre i col. ; |c 29'5 cm | ||
| 590 | |a Catàleg de les dues exposicions commemoratives del 50è aniversari del Museu Arqueològic de Barcelona | ||
| 600 | 1 | 0 | |a Bosch Gimpera, P. |q (Pere), |d 1891-1974 |9 35533 |
| 610 | 2 | 0 | |a Museu Arqueològic de Barcelona |v Exposicions |9 55272 |
| 710 | 1 | |a Barcelona (Catalunya : Província). |b Servei de Cultura |9 54401 | |
| 901 | |a Arxiu | ||
| 942 | |n 1 | ||
| 952 | |0 0 |1 0 |4 0 |6 H120 |7 1 |9 45753 |a Arxiu |b Arxiu |d 2016-12-01 |l 0 |o H-1-20 |p 1884 |r 2016-12-01 00:00:00 |w 2016-12-01 |y ARXIU | ||
| 999 | |c 49253 |d 49253 | ||